000 00305nam a2200133 i 4500
001 bg
100 1 _aPILS, E.
245 0 _aWörterbuch Baumsteine der Elektronik /
_cE. Pils.
260 _aStuttgart,
_c1968.
040 _cBPK
041 _apol
942 _cKS
008 s pl f |000 0 pol
999 _c8510
_d8510
856 _uhttp://koha.tu.koszalin.pl/cgi-bin/koha/opac-detail.pl?biblionumber=8510
_yKatalog online BPK